000 00660nam a2200205 4500
003 OSt
005 20240626060149.0
006 a
008 240626b |||||||| |||| 00| 0 eng d
020 _a9789710110971
040 _aDWCL-Main lib.
_cOC
082 _22010, First edition
_aFil. 331.21 V718g 2010
100 _aVillanueva, Elvin B.
245 _aGuide on employee compensation and benefits volume one /
250 _a2010, First edition
260 _aQuezon City :
_bCentral Book Supply, Inc.,
_cc2010.
300 _axxi,
_b296 p. ;
_c23 cm.
650 _a1. Salaries, wages, etc. - Guidebooks.
942 _2ddc
_n0
_cBK - FIL
_e2010, First edition
_kFil.
999 _c1395
_d1395